000 00492nam a2200193Ia 4500
003 LK-CoDNM
008 010623t2008 xxu||||| |||| 00| 1 sin d
040 _aLK-CoDNM
_dLK-CoDNM
_eLK-CoDNM
041 _asin
080 _a133.52 SAM
100 _aSamarasekara,J.K.S.
_eed.
245 _aනාඩි ශාස්ත්‍ර‍ය
246 _aNaadi Shaasthraya
260 _bModern
_aNugegoda
_c2008
300 _b39p., 19 cm
650 _aAstrology
650 _aCharm
942 _cBK
999 _c127757
_d127757